Entry Nombre personal
001 - NÚMERO DE CONTROL
- campo de control: 163268
003 - IDENTIFICADOR DE NÚMERO DE CONTROL
- campo de control: SpMaBN
005 - FECHA Y HORA DE LA ÚLTIMA TRANSACCIÓN
- campo de control: 20231020194911.0
008 - ELEMENTOS DE DATO DE LONGITUD-FIJA
- campo de control de longitud fija: 001002n| aijnnaaan a aaa ||
016 ## - NÚMERO DE CONTROL DE UNA AGENCIA BIBLIOGRÁFICA NACIONAL
- Número de control del registro: BNE20003818976
024 7# - IDENTIFICADOR DE OTROS ESTÁNDARES
- Número estándar o código: http://viaf.org/viaf/100953892/
- Fuente: viaf
024 7# - IDENTIFICADOR DE OTROS ESTÁNDARES
- Número estándar o código: https://isni.org/isni/0000000084037660
- Fuente: isni
024 7# - IDENTIFICADOR DE OTROS ESTÁNDARES
- Número estándar o código: http://www.wikidata.org/entity/Q3737006
- Fuente: wikidata
040 ## - FUENTE DE CATALOGACIÓN
- Centro catalogador/agencia de origen: SpMaBN
- Lengua de catalogación: spa
- Centro/agencia transcriptor: SpMaBN
- Normas de descripción: rdc
- Convención/Normas de encabezamiento de materia/tesauro: embne
046 ## - FECHAS CON CODIFICACIÓN ESPECIAL
- Fecha de nacimiento: 1935
100 1# - ENCABEZAMIENTO-NOMBRE DE PERSONA
- Nombre de persona: Ansón, Rafael,
- Fechas asociadas al nombre: 1935-
370 ## - LUGAR ASOCIADO
- Lugar de nacimiento: San Sebastián
- Número de control del registro de autoridad o número normalizado: XX451375
- Fuente de información: Wikidata
374 ## - OCUPACIÓN
- Ocupación: Empresarios
- Fuente de información: Wikidata
375 ## - GÉNERO/SEXO
- Género: Masculino
377 ## - IDIOMA ASOCIADO
- Término de lengua/lenguaje: Español
400 1# - TRAZADO DE VÉASE--NOMBRE DE PERSONA
- Nombre de persona: Ansón Oliart, Rafael,
- Fechas asociadas al nombre: 1935-
670 ## - FUENTE DE DATOS ENCONTRADOS
- Cita de la fuente: Principios para una programación de los inmuebles administrativos, 1966
670 ## - FUENTE DE DATOS ENCONTRADOS
- Cita de la fuente: La gastronomía española tradicional y moderna, 2000
- Información encontrada: v. port. (dir., Rafael Ansón) p. 10 (Presidente de la Academía Española de Gastronomía)
670 ## - FUENTE DE DATOS ENCONTRADOS
- Cita de la fuente: El olimpismo, 2009
- Información encontrada: port. (dir. por Rafael Ansón) p. 5 (Rafael Ansón Oliart)
670 ## - FUENTE DE DATOS ENCONTRADOS
- Cita de la fuente: WWW Agencia Española ISBN, 17-3-2010
- Información encontrada: (Ansón Oliart, Rafael)
670 ## - FUENTE DE DATOS ENCONTRADOS
- Cita de la fuente: WWW Wikipedia, 15-4-2010
- Información encontrada: (Rafael Anson Oliart ; n. 15-9-1935, San Sebastián; empresario especializado en imagen y comunicación; lic. en Derecho, ingresó en el Cuerpo de Técnicos de Información y Turismo; en los sesenta fue uno de los impulsores de los Planes de desarrollo, dir. gral. de RTVE, presidente de la Coord. de Asociaciones Profesionales de la Comunicación Social, asesor de Adolfo Suárez, presidente de la Fundación de Estudios Sociológicos y de la Academia Española de Gastronomía)
